000 01418nam0a2200361 4500
001 RU\NLR\bibl\40756
005 20250615025806.0
010 _a5-7027-0905-5
_915000
021 _aRU
_b99-17336
_9838
035 _a(NLR Aleph) 000039754
090 _a206891
_c206891
100 _a19990730d1999 |||y0rusy50 ca
101 0 _arus
102 _aRU
105 _aa |||||||||
200 1 _aВлюбленный
_fРодион Нахапетов
210 _aМ.
_cВАГРИУС
_d1999
215 _a349 с., [16] л. ил., портр.
_d22
225 1 _aМой 20 век
300 _aНа обл. только загл. сер.
600 1 _aНахапетов
_bР.Р.
_f1944
_gРодион Рафаилович
_jВоспоминания, записки и т.п.
_91376175
_3RU\NLR\auth\66577056
606 0 _aКино
_jВоспоминания, записки и т.п.
_yСССР
_9921147
_3RU\NLR\auth\6618790
606 1 _aКиноискусство
_jВоспоминания, записки и т.п.
_yСССР
_92570749
_3RU\NLR\AUTH\661520215
686 _aЩ374.3(2Р)-85Нахапетов
686 _aЩ374.3(2Р)7,1
700 1 _aНахапетов
_bР. Р.
_f1944-
_gРодион Рафаилович
_4070
801 0 _aRU
_bNLR
_c19990730
_gPSBO
801 1 _aRU
_bNLR
_c19990730
852 _aNLR
_j99-5/1993
942 _cBOOK
980 _aNB